Charaktere aus Narnia (Film) - Statistiken

Allgemein
  • Dieses Quiz wurde 44 mal gespielt
  • Das Durchschnittsergebnis liegt bei 6 aus 19
Antwortstatistiken
Spezies Name % Korrekt
Mensch Lucy
91%
Mensch Peter
85%
Mensch Susan
82%
Löwe Aslan
79%
Mensch Edmund
67%
Faun Herr Tumnus
52%
Buber Frau Biber
30%
Biber Herr Biber
30%
Fuchs Fuchs
21%
Wolf Maugrim
15%
Halb-Dschinn, Halb-Riesin Jadis
9%
Mensch Mrs. Helen Pevensie
9%
Maus Reepicheep
6%
Mensch Weihnachtsmann
3%
Zwerg Ginarrbrik
0%
Mensch Mrs. Macready
0%
Zentaur Oraius
0%
Minotaur Otmin
0%
Mensch Prof. Digory Kirke
0%
Keine übereinstimmenden Quizze gefunden
Verteilung der Resultate
Anzahl Personen mit jedem Resultat
Perzentil nach korrekt beantworteten Fragen
Ihre Resultats-Entwicklung
Sie haben dieses Quiz noch nicht gespielt